Halloween - Noah Kahan (All Lyrics) - Statistics

General Stats
  • This quiz has been taken 78 times
    76 since last reset
  • The average score is 318 of 394
Answer Stats
Lyrics % Correct
a
100%
A
100%
I
100%
you
100%
you,
100%
ghost
97%
Halloween,
97%
how
97%
know
97%
Know
97%
no
97%
not
97%
that
97%
haunt,
94%
haunt
94%
It
94%
it
94%
it's
94%
It's
94%
knows
94%
me
94%
Sure
94%
sure
94%
The
94%
the
94%
to
94%
up
94%
as
91%
But
91%
but
91%
dressed
91%
if
91%
If
91%
I'm
91%
in
91%
In
91%
an
88%
and
88%
And
88%
for
88%
my
88%
of
88%
So
88%
we
88%
when
88%
on
85%
this
85%
your
85%
Your
85%
address
82%
been
82%
changin'
82%
have
82%
I'll
82%
long
82%
longer
82%
ooh,
82%
ooh)
82%
ooh
82%
want
82%
won't
82%
bridges
79%
come
79%
place
79%
town
79%
worry
79%
wreckage
79%
yeah,
79%
afraid
76%
at
76%
burnt
76%
home
76%
leavin'
76%
one
76%
since
76%
yes
76%
you'll
76%
away
74%
day
74%
fine
74%
off
74%
only
74%
reside
74%
sail
74%
sailin'
74%
There's
74%
were
74%
all
71%
are
71%
burned
71%
every
71%
New
71%
see
71%
some
71%
these
71%
with
71%
you're
71%
change
68%
days
68%
down
68%
Earth
68%
fire
68%
got
68%
heard,
68%
ode
68%
started
68%
'til
68%
again
65%
ash
65%
back
65%
Boston
65%
face
65%
light
65%
once
65%
return
65%
They
65%
(Ah
62%
Ah,
62%
dream
62%
drink
62%
each
62%
foreign
62%
hearin'
62%
hope
62%
language
62%
last
62%
make
62%
Mmm
62%
mmm
62%
murder
62%
old
62%
starts
62%
them
62%
crows
59%
drown
59%
here,
59%
learned
59%
low
59%
Orleans
59%
settin'
59%
smoke
59%
speak
59%
strange
59%
tell
59%
voice
59%
Workin'
59%
children
56%
coastal
56%
dawn
56%
drinkin'
56%
empty
56%
life
56%
losin'
56%
money
56%
Print
56%
sun
56%
wicked
56%
burnin'
53%
Collect
53%
fear
53%
found
53%
hasn't
53%
myself
53%
over
53%
pockets
53%
rose
53%
seein'
53%
stuck
53%
truth
53%
weary
53%
hands
50%
hmm
50%
isn't
50%
lyin'
50%
need
50%
objects
50%
scent
50%
screen
50%
tiniest
50%
hole
47%
longshoreman
47%
dug
44%
end
44%
grave
44%
song
41%
fearin'
29%
No matching quizzes found
Score Distribution
Percent of People with Each Score
Percentile by Number Answered
Your Score History
You have not taken this quiz since the last reset